[Event "ACL-M065"]
[Site "www.playchess.de"]
[Date "2006.01.25"]
[Round "29"]
[White "msdnewmex"]
[Black "En_passant"]
[WhiteElo "2064"]
[BlackElo "2168"]
[PlyCount "79"]
[Result "1/2-1/2"]

1.Nf3 {Greetings Again and Good Luck}  d5 {Thanks 
you!  Welcome!  Looking to a good game.}  2.d4 e6 
3.c4 Nf6 4.Nc3 Bb4 5.Bg5 Nc6 6.e3 h6 7.Bxf6 Qxf6 
8.Qc2 O-O 9.a3 Bxc3+ 10.Qxc3 Bd7 11.b4 Ne7 12.Ne5 
Rad8 13.Be2 dxc4 14.Qxc4 Nc6 15.f4 Qh4+ 16.g3 Nxe5 
17.dxe5 Qh3 18.Bf3 Bc6 19.e4 a6 20.a4 h5 21.b5 
axb5 22.axb5 Be8 23.Ra2 {Happy Holidays to you and 
yours.}  c6 {A wonderful and safe holiday to you!} 
 24.b6 c5 25.Qxc5 h4 {Happy New Year!}  26.Qf2 
{The same to you!}  Bc6 27.Ra3 Rda8 28.Ra7 Rad8 
29.Ra1 Bb5 30.Rb1 Ba6 31.Rb3 Rdc8 32.Kd2 Rc4 
33.Qg2 Qxg2+ 34.Bxg2 Rfc8 35.Rg1 R4c2+ 36.Ke3 hxg3 
37.hxg3 Ra2 38.f5 Rcc2 39.Bh1 Bc4 40.Rbb1 
{(offering draw) This endgame is easily held by 
both of us.  There are a few minor pitfalls easily 
found by computer and tablebases.  Good Game} 
 1/2-1/2

[Event "HCL-M835"]
[Site "www.playchess.de"]
[Date "2006.01.25"]
[Round "5"]
[White "temple"]
[Black "jonaslo"]
[WhiteElo "1766"]
[BlackElo "1764"]
[PlyCount "100"]
[Result "0-1"]

1.d4 {Hello,good luck.}  Nf6 {Hello again, thx and 
same to you}  2.c4 g6 3.Nc3 d5 4.e3 Bg7 5.Nf3 O-O 
6.Bd3 c5 7.h3 cxd4 8.exd4 Nc6 9.O-O b6 10.b3 dxc4 
11.Bxc4 Qc7 12.Nb5 Qb8 13.Bb2 a6 14.Na3 b5 15.Be2 
Rd8 16.Qc1 Qb6 17.Qc5 Qxc5 18.dxc5 b4 19.Nc4 Bf5 
20.Rad1 a5 21.Nfe5 Rdc8 22.Nb6 Nxe5 23.Nxc8 Rxc8 
24.Bxe5 Rxc5 25.Rd8+ Bf8 26.Rfd1 Rxe5 27.Bc4 h5 
28.Rb8 Kg7 29.Rdd8 Nh7 30.Rba8 Bb1 31.Rd5 Rxd5 
32.Bxd5 Nf6 33.Bc4 Bxa2 34.Rxa5 Bb1 35.Rb5 e6 
36.Rb7 Nd5 37.Kf1 Bc2 38.g3 {Happy New Year!}  Bf5 
39.h4 Nc3 40.f3 Nd5 41.Ke2 Kf6 42.f4 Nc3+ 43.Kf1 
Ne4 44.Kg2 Nd2 45.Kf2 Nxc4 46.bxc4 Bd3 47.Ke3 Bxc4 
48.Kd4 Bd5 49.Rb8 Bd6 50.Rb5 Kf5 0-1

[Event "HCL-C3989"]
[Site "www.playchess.de"]
[Date "2006.01.25"]
[Round "6"]
[White "Stronghbr"]
[Black "reingp"]
[WhiteElo "800"]
[BlackElo "1393"]
[PlyCount "39"]
[Result "1-0"]

1.e4 d5 2.e5 {- onde vc mora - sou de santo andré- 
sp}  Nc6 {sou de curitiba, vc demorou a jogar...}  
3.d4 {Tive que fazer uma viagem de emergencia}  f6 
{hum.
soh tem brasileiro jogando nessa chave, mais 1 
alemao}  4.exf6 {certo - quantos anos vc se tem , 
joga aqui ha muito tempo}  Nxf6 {20, jogo soh a um 
mes, eu nunca jogo xadrez, mas 
gosto.
quantos anos vc tem? oq faz ai em riberao?}  5.Bg5 
{Moro em santo andre- tenho 46 anos - Sou 
engenheiro mecanico}  h6 6.Bxf6 exf6 7.Qh5+ Ke7 
8.c3 Qd6 9.Nd2 Bd7 10.Bd3 Qe6+ 11.Ne2 a5 12.O-O 
Kd8 13.Rfe1 Qd6 14.Ng3 Be7 15.Nb3 b6 16.Re2 a4 
{voltei}  17.Nd2 Kc8 18.Rae1 {pensei que havia 
desistido - como passou de festas.}  Kb7 {passei 
com minha familia, foi muito bom.
alias, estou indo viajar, entao nao vou poder 
jogar por alguns dias.}  19.Bb5 Ra5 
20.Bxc6+ 1-0

[Event "HCL-B3826"]
[Site "www.playchess.de"]
[Date "2006.01.25"]
[Round "9"]
[White "foinaven"]
[Black "vulcan"]
[WhiteElo "1423"]
[BlackElo "1170"]
[PlyCount "33"]
[Result "1-0"]

1.d4 {Happy new year}  e6 2.c4 d5 3.Nc3 c6 4.Nf3 
dxc4 5.e3 b5 6.a4 a6 7.axb5 cxb5 8.Nxb5 Qd5 9.Nc7+ 
Kd7 10.Nxd5 exd5 11.b3 cxb3 12.Qxb3 Nc6 13.Qxd5+ 
Kc7 14.Qxf7+ Bd7 15.Bb5 Nge7 16.O-O axb5 
17.Rxa8 1-0

[Event "HCL-B3787"]
[Site "www.playchess.de"]
[Date "2006.01.25"]
[Round "8"]
[White "arsenic"]
[Black "RUDI"]
[WhiteElo "1072"]
[BlackElo "1244"]
[PlyCount "74"]
[Result "0-1"]

1.e4 e5 2.Nf3 Nc6 3.Bb5 Nge7 4.O-O a6 5.Ba4 b5 
6.Bb3 f6 7.c3 Bb7 8.d4 exd4 9.cxd4 d6 10.d5 Ne5 
11.Bf4 N7g6 12.Bxe5 dxe5 13.Nbd2 Bd6 14.Re1 O-O 
15.Nf1 f5 16.exf5 Rxf5 17.Nh4 Nxh4 18.Ng3 Rf7 
19.Qg4 Bc8 20.Qe4 Ng6 21.Bc2 Rf4 22.Qd3 Rd4 23.Qe3 
Bc5 24.Qe2 Bg4 25.f3 Rd2+ 26.Kf1 Rxe2 27.Rxe2 Bh5 
28.Nxh5 Qxd5 29.Rd1 Qf7 30.Ng3 Qxa2 31.b3 Qa3 
32.Ne4 Be7 33.Kf2 Bc5+ 34.Kg3 Rf8 35.Rd5 Bd4 36.h3 
Nf4 37.Rxd4 Nxe2+ 0-1

[Event "HCL-B3682"]
[Site "www.playchess.de"]
[Date "2006.01.25"]
[Round "3"]
[White "aussie"]
[Black "thor"]
[WhiteElo "1066"]
[BlackElo "1007"]
[PlyCount "143"]
[Result "1/2-1/2"]

1.d4 e6 2.e4 d5 3.exd5 exd5 4.Be2 c6 5.a3 Nf6 
6.Nf3 Bd6 7.b4 O-O 8.O-O Bg4 9.Nbd2 Nbd7 10.c3 a5 
11.Bb2 axb4 12.cxb4 Re8 13.Bd3 Ne4 14.Qc2 Nxd2 
15.Nxd2 Nf6 16.Bf5 Bxf5 17.Qxf5 Re2 18.Qd3 Qe7 
19.Rab1 Re8 20.Bc3 Qc7 21.g3 R2e7 22.Nf3 Ne4 
23.Bb2 b6 24.Bc1 c5 25.Be3 c4 26.Qc2 b5 27.a4 bxa4 
28.Nd2 Nxd2 29.Qxd2 Rb8 30.Bf4 Bxf4 31.Qxf4 Qxf4 
32.gxf4 Re4 33.Rfd1 Rxf4 34.Rd2 a3 35.Kg2 g5 36.b5 
Rb6 37.Ra1 Rxb5 38.Rxa3 Rb3 39.Ra4 c3 40.Rc2 Rb2 
41.Rxb2 cxb2 42.Rb4 b1Q 43.Rxb1 Rxd4 44.Rb8+ Kg7 
45.Rd8 Rd1 46.Kf3 d4 47.Ke2 Rh1 48.Rxd4 Rxh2 
49.Kf3 f5 50.Kg3 Rh1 51.Kg2 Re1 52.Rd7+ Kg6 
53.Rd6+ Kf7 54.Rh6 f4 55.Rxh7+ Kg6 56.Rh1 Re2 
57.Kf3 Ra2 58.Kg2 g4 59.Re1 f3+ 60.Kg3 Kf5 61.Rf1 
Ra8 62.Rh1 Rg8 63.Rh4 {(offering draw)}  Rg5 
64.Rh2 Ke4 65.Rh1 Kd3 66.Rh2 Ke2 67.Rh1 Rg8 68.Rg1 
Rg7 69.Rh1 Kd3 70.Rh2 Kd4 71.Rh4 Kd3 72.Rh2 
{(offering draw)}  1/2-1/2

[Event "HCL-B3716"]
[Site "www.playchess.de"]
[Date "2006.01.25"]
[Round "7"]
[White "masterj"]
[Black "Sarek7"]
[WhiteElo "1500"]
[BlackElo "1146"]
[PlyCount "64"]
[Result "0-1"]

1.d4 e6 2.e4 d5 3.exd5 exd5 4.g4 Nf6 5.Bg5 Be7 
6.Bb5+ Bd7 7.h3 Bxb5 8.Nc3 Bd7 9.Nge2 O-O 10.b3 c6 
11.Bf4 Re8 12.g5 Ne4 13.Nxe4 dxe4 14.a4 Bb4+ 15.c3 
Bf8 16.Rg1 Bxh3 17.Ng3 Nd7 18.Rh1 Be6 19.c4 Qa5+ 
20.Bd2 Bb4 21.Bxb4 Qxb4+ 22.Ke2 Bg4+ 23.f3 Bxf3+ 
{??}  24.Kf1 Bxd1 25.Kg2 Bf3+ 26.Kh3 Qxb3 27.Rhb1 
Qxc4 28.Rbc1 Qxd4 29.Nf5 Qe5 30.Rce1 Qxf5+ 31.Kh2 
Qxg5 32.Ra3 Qg2+ 0-1

[Event "HCL-B3708"]
[Site "www.playchess.de"]
[Date "2006.01.25"]
[Round "3"]
[White "filbert"]
[Black "blue"]
[WhiteElo "1500"]
[BlackElo "1200"]
[PlyCount "69"]
[Result "1-0"]

1.e4 e5 2.Nf3 d6 3.d4 Bg4 4.dxe5 Bxf3 5.Qxf3 dxe5 
6.Bc4 Nf6 7.Nc3 c6 8.Bg5 Be7 9.O-O O-O 10.Rad1 Qc7 
11.Rfe1 Nbd7 12.a3 b5 13.Ba2 h6 14.Bh4 Rad8 15.Rd2 
a5 16.Red1 b4 17.axb4 axb4 18.Ne2 Nc5 19.Ng3 Rxd2 
20.Rxd2 Rd8 21.Rxd8+ Qxd8 22.Nf5 Ne6 23.Nxe7+ Qxe7 
24.Bxf6 Qxf6 25.Qxf6 gxf6 26.Bxe6 fxe6 27.Kf1 Kf7 
28.Ke2 f5 29.f3 f4 30.Kd3 Ke7 31.Kc4 Kd6 32.Kxb4 
h5 33.c4 h4 34.h3 c5+ 35.Kb5 1-0

[Event "HCL-B3733"]
[Site "www.playchess.de"]
[Date "2006.01.25"]
[Round "6"]
[White "karpova"]
[Black "DavidFields"]
[WhiteElo "1519"]
[BlackElo "1311"]
[PlyCount "62"]
[Result "1/2-1/2"]

1.d4 Nf6 {hello from Texas, USA}  2.c4 b6 3.Nc3 c5 
4.Nf3 cxd4 5.Nxd4 e5 6.Nf3 Nc6 7.e4 Bc5 8.Bg5 h6 
9.Bh4 g5 10.Bg3 d6 11.a3 a5 12.Bd3 g4 13.Nd2 Nd4 
14.b4 axb4 15.axb4 Rxa1 16.Qxa1 O-O 17.bxc5 bxc5 
18.Bh4 Be6 19.O-O Kg7 20.Nb5 Qb6 21.Rb1 Qc6 
22.Nxd4 exd4 23.f4 gxf3 24.Bxf6+ Kxf6 25.Nxf3 Rg8 
26.Rf1 Ke7 27.Qa7+ Bd7 28.Rb1 Kf6 29.Rf1 Kg7 30.e5 
Ra8 31.Be4 Rxa7 {(offering draw)} 
 1/2-1/2

[Event "HCL-M835"]
[Site "www.playchess.de"]
[Date "2006.01.25"]
[Round "3"]
[White "jonaslo"]
[Black "Schirrmeister"]
[WhiteElo "1764"]
[BlackElo "1816"]
[PlyCount "60"]
[Result "0-1"]

1.e4 {hello from Rome. Have a good game!}  e5 
{Hello from Darmstadt, Germany. Have a nice Game 
too.}  2.Nf3 Nf6 3.Nc3 Bb4 4.Nxe5 O-O 5.Be2 Re8 
6.Nd3 Bxc3 7.dxc3 Nxe4 8.Nf4 d6 9.O-O Nc6 10.Bf3 
Nf6 11.b3 Ne5 12.Bb2 Nxf3+ 13.Qxf3 Ne4 14.Rfe1 Bf5 
15.c4 Qd7 16.h3 Ng5 17.Qxb7 Be4 18.Qb4 Qf5 19.Qc3 
f6 20.Nd5 Rac8 21.Rad1 Bxd5 22.Rxe8+ Rxe8 23.cxd5 
Re2 24.Rf1 Qxc2 25.Qxc2 Rxc2 26.Rb1 Rd2 27.Bc1 
Rd1+ 28.Kh2 Ne4 29.f3 Nc5 30.Ra1 
Nd3 0-1

[Event "HCL-A2565"]
[Site "www.playchess.de"]
[Date "2006.01.25"]
[Round "9"]
[White "MimiSiku"]
[Black "Maahinen"]
[WhiteElo "1525"]
[BlackElo "1691"]
[PlyCount "36"]
[Result "0-1"]

1.e4 {Hello from Würzburg, Germany. Have a nice 
game!}  c6 {Hi from Ottawa, Canada- I hope we do 
have a great game!}  2.d4 {I'll do my very 
best...}  d5 3.Nc3 dxe4 4.Nxe4 Bf5 5.f3 e6 6.Bd3 
Qxd4 7.c3 Qb6 8.Qe2 Bxe4 9.Bxe4 Nf6 10.Bd3 Nbd7 
11.b3 Nd5 12.c4 Qd4 13.Bb2 Bb4+ 14.Kd1 Ne3+ 15.Kc1 
Bc3 16.Rb1 Nc5 17.Bc2 O-O-O 18.Bxc3 
Qxc3 0-1

[Event "HCL-B3828"]
[Site "www.playchess.de"]
[Date "2006.01.25"]
[Round "5"]
[White "nichju"]
[Black "rosnahmegatibrahim"]
[WhiteElo "946"]
[BlackElo "1200"]
[PlyCount "29"]
[Result "1-0"]

1.e4 e5 2.Nf3 d6 3.c3 Bg4 4.Be2 Nf6 5.d4 exd4 
6.Qxd4 Bxf3 7.Bxf3 Nc6 8.Qc4 Be7 9.Bf4 O-O 10.O-O 
Na5 11.Qb5 b6 12.Rd1 Rb8 13.Nd2 c6 14.Qf5 Qd7 
15.Qg5 1-0

[Event "HCL-C3944"]
[Site "www.playchess.de"]
[Date "2006.01.25"]
[Round "19"]
[White "Bense"]
[Black "chessmutt"]
[WhiteElo "1021"]
[BlackElo "1260"]
[PlyCount "67"]
[Result "1-0"]

1.e4 e5 2.d3 Nc6 3.f4 exf4 4.Bxf4 Bc5 5.Qg4 Qf6 
6.Nf3 d6 7.Qg3 Nge7 8.e5 dxe5 9.Nxe5 Bd6 10.Nxc6 
Nxc6 11.Qe3+ Qe7 12.Qxe7+ Nxe7 13.Nc3 Bxf4 14.b4 
Nf5 15.Nd5 Be5 16.Rb1 O-O 17.Nxc7 Bxc7 18.Be2 Re8 
19.Rf1 Nd4 20.Rf2 Nxc2+ 21.Kd1 Ne3+ 22.Kd2 a5 
23.b5 Bg4 24.Bxg4 Nxg4 25.Rf4 Bxf4+ 26.Kc3 Rec8+ 
27.Kd4 Be5+ 28.Ke4 Bxh2 29.d4 Rce8+ 30.Kf3 Nf6 
31.b6 Rad8 32.Rd1 Bg1 33.Rxg1 Rxd4 
34.Rc1 1-0

[Event "HCL-B3820"]
[Site "www.playchess.de"]
[Date "2006.01.25"]
[Round "33"]
[White "garden"]
[Black "PhilipKaveny"]
[WhiteElo "1084"]
[BlackElo "1406"]
[PlyCount "46"]
[Result "1/2-1/2"]

1.e4 c5 2.Bc4 d6 3.Qf3 e6 4.Ne2 Nc6 5.Bb5 Bd7 
6.O-O Ne5 7.Qb3 b6 8.d4 Bxb5 9.Qxb5+ Nd7 10.Rd1 a6 
11.Qb3 cxd4 12.Nxd4 Nc5 13.Qf3 Rc8 14.b4 Nd7 15.c3 
Ne5 16.Qe2 b5 17.Bf4 f6 18.Bxe5 fxe5 19.Nxe6 Qe7 
20.Qg4 Nf6 21.Nxg7+ Kd8 22.Ne6+ Ke8 23.Ng7+ Kd8 
{(offering draw)}  1/2-1/2

[Event "HCL-C3968"]
[Site "www.playchess.de"]
[Date "2006.01.25"]
[Round "9"]
[White "borank"]
[Black "garden"]
[WhiteElo "800"]
[BlackElo "1128"]
[PlyCount "54"]
[Result "0-1"]

1.d4 e6 2.Nf3 d5 3.g3 Nc6 4.Nc3 Bb4 5.Bh3 Nf6 
6.O-O Bxc3 7.bxc3 e5 8.Bxc8 Rxc8 9.dxe5 Ng4 10.Rb1 
b6 11.Rb5 Ne7 12.Rb4 h5 13.Bg5 f6 14.exf6 gxf6 
15.Bh4 Ng6 16.Qd3 Nxh4 17.Nxh4 c5 18.Rf4 c4 
19.Qg6+ Kd7 20.Rd1 Qg8 21.Rxd5+ Qxd5 22.Rd4 Qxd4 
23.cxd4 Rh6 24.Qf7+ Kd8 25.h3 Rc7 26.hxg4 Rxf7 
27.Nf5 Rhh7 0-1

[Event "HCL-C4016"]
[Site "www.playchess.de"]
[Date "2006.01.25"]
[Round "8"]
[White "Grunert"]
[Black "newplayer"]
[WhiteElo "929"]
[BlackElo "1085"]
[PlyCount "68"]
[Result "0-1"]

1.d4 d5 2.e3 Nf6 3.Nf3 Ne4 4.Nc3 Nxc3 5.bxc3 Bg4 
6.Be2 Bxf3 7.Bxf3 e6 8.O-O c5 9.dxc5 Bxc5 10.c4 
Nc6 11.cxd5 exd5 12.Bxd5 O-O 13.Bxc6 Qxd1 14.Rxd1 
bxc6 15.Bb2 a5 16.Rd7 Rab8 17.Bd4 Bb6 18.Bxb6 Rxb6 
19.Ra7 Rb5 20.c4 Rb2 21.Rxa5 Rfb8 22.h3 Re2 23.Rc5 
Rbb2 24.Re5 g6 25.Rf1 Rbxa2 26.Rc5 Ra6 27.Rd1 Raa2 
28.Rf1 Ra6 29.Rd1 Kg7 30.Rd6 Raa2 31.Rcxc6 Rexf2 
32.Rd1 Rfxg2+ 33.Kf1 Rgh2 34.Rcd6 
Rh1+ 0-1

[Event "HCL-C4011"]
[Site "www.playchess.de"]
[Date "2006.01.25"]
[Round "1"]
[White "wkadyk"]
[Black "nico21"]
[WhiteElo "800"]
[BlackElo "800"]
[PlyCount "40"]
[Result "0-1"]

1.f4 e6 2.Nf3 Nf6 3.e3 Nc6 4.Bb5 a6 5.Bxc6 dxc6 
6.O-O Bd6 7.Nc3 O-O 8.d3 b5 9.a4 Re8 10.axb5 Bb7 
11.bxc6 Bxc6 12.e4 Bc5+ 13.d4 Bb6 14.Qd3 h6 15.Re1 
Bb7 16.Be3 Rc8 17.Ne5 c5 18.dxc5 Bxc5 19.Bxc5 Rxc5 
20.b4 Qxd3 0-1

[Event "HCL-A2551"]
[Site "www.playchess.de"]
[Date "2006.01.25"]
[Round "2"]
[White "hal1958"]
[Black "Nobleman"]
[WhiteElo "1483"]
[BlackElo "1216"]
[PlyCount "107"]
[Result "1-0"]

1.b4 {have a nice game}  e5 2.Bb2 e4 3.e3 Nf6 4.a3 
d5 5.c4 c6 6.h3 Be7 7.cxd5 cxd5 8.d3 O-O 9.dxe4 
Nxe4 10.Nf3 Nc6 11.Bd3 Bf5 12.O-O Bg6 13.Qc2 Rc8 
14.Rc1 Qd6 15.Qd1 f5 16.Nbd2 Nxd2 17.Qxd2 a6 
18.Nd4 Nxd4 19.Bxd4 Qe6 20.Qb2 Rxc1+ 21.Rxc1 Bf6 
22.Bxf6 Rxf6 23.Rc7 Rf7 24.Qc2 h6 25.Rxf7 Qxf7 
26.Qc8+ Kh7 27.h4 h5 28.f4 Kh6 29.Kf2 Bh7 30.g3 g6 
31.Qc5 Bg8 32.a4 Kh7 33.b5 axb5 34.Bxb5 Kh6 35.Qd6 
Kh7 36.Ke2 Kh6 {(offering draw)}  37.a5 Kh7 38.Qd7 
Kg7 39.Qxf7+ Bxf7 40.Bd7 d4 41.exd4 Bd5 42.Kd3 Kf7 
43.Kc3 Ke7 44.Bb5 Kd6 45.Be8 Bf3 46.Bxg6 Bg4 
47.Kc4 Kc6 48.d5+ Kd6 49.Kd4 Bf3 50.Bxf5 Bxd5 
51.Be4 Bxe4 52.Kxe4 Ke6 53.f5+ Kf6 
54.Kf4 1-0

[Event "HCL-B3771"]
[Site "www.playchess.de"]
[Date "2006.01.25"]
[Round "30"]
[White "dc"]
[Black "cioran"]
[WhiteElo "892"]
[BlackElo "1214"]
[PlyCount "30"]
[Result "0-1"]

1.e4 {:-)}  e5 {hello and good luck}  2.d4 {Same 
to you!}  exd4 3.e5 Bb4+ 4.c3 dxc3 5.bxc3 Ba5 
6.Bc4 Nc6 7.Qf3 Nxe5 8.Qe4 Qe7 9.Bf4 d6 10.Nf3 
Nxc4 11.Nbd2 Bxc3 12.O-O Nxd2 13.Qd3 Nxf3+ 14.Qxf3 
Bxa1 15.Re1 Qxe1+ 0-1

[Event "ACL-T164"]
[Site "www.playchess.de"]
[Date "2006.01.25"]
[Round "4"]
[White "lontjr"]
[Black "Kimura"]
[WhiteElo "1761"]
[BlackElo "1856"]
[PlyCount "39"]
[Result "0-1"]

1.e4 Nc6 2.d4 d5 3.Nc3 {Hi and welcome to the 
tournament!}  Nf6 {Hello my friend!}  4.e5 Nd7 
5.Nxd5 Ndb8 6.Ne3 Qxd4 7.Qxd4 Nxd4 8.c3 Ne6 9.Nf3 
g6 10.Bc4 Bg7 11.O-O Nc6 12.b4 Nxe5 13.Nxe5 Bxe5 
14.Bb2 c6 15.Ng4 Bg7 16.Rad1 b5 17.Bb3 a5 18.a4 
axb4 19.cxb4 Bxb2 20.Bc2 0-1

[Event "ACL-T167"]
[Site "www.playchess.de"]
[Date "2006.01.25"]
[Round "36"]
[White "lontjr"]
[Black "BDG_Girl"]
[WhiteElo "1732"]
[BlackElo "1753"]
[PlyCount "71"]
[Result "0-1"]

1.e4 c6 2.d4 d5 3.e5 {Hello again, here's to a 
good game!}  Bf5 {Hello again and good luck!}  
4.Bd3 Bxd3 5.Qxd3 e6 6.f4 Qh4+ 7.g3 Qh5 8.Be3 Nh6 
9.Nd2 Be7 10.Ngf3 Na6 11.O-O-O Nb4 12.Qb3 a5 
13.Kb1 a4 14.Qc3 a3 15.b3 Ng4 16.Bg1 Na6 17.h3 O-O 
18.Qd3 Nb4 19.Qe2 Nh6 20.Rc1 Qg6 21.g4 Kh8 22.Bf2 
Rac8 23.Nh4 Bxh4 24.Bxh4 Ng8 25.Qf2 f5 26.exf6 
Nxf6 27.Rhf1 c5 28.dxc5 Na6 29.f5 exf5 30.gxf5 Qh6 
31.Qf4 Qxf4 32.Rxf4 Nxc5 33.Re1 Nfe4 34.Nxe4 Nxe4 
35.c4 g5 36.Bxg5 0-1

[Event "HCL-E1519"]
[Site "www.playchess.de"]
[Date "2006.01.25"]
[Round "24"]
[White "Andy1"]
[Black "Abra"]
[WhiteElo "1399"]
[BlackElo "1561"]
[PlyCount "108"]
[Result "1/2-1/2"]

1.e4 e5 {Hello again,gg
}  2.Nf3 Nc6 3.d4 exd4 4.Bc4 Bb4+ 5.Bd2 Bxd2+ 
6.Qxd2 h6 7.Nxd4 Qf6 8.c3 Nge7 9.O-O O-O 10.Na3 a6 
11.Nac2 d6 12.f4 Nxd4 13.cxd4 b5 14.Bd3 Bb7 
15.Rac1 Rac8 16.b4 c5 17.e5 dxe5 18.fxe5 Qc6 
19.bxc5 Nd5 20.Be4 Qe8 21.Bxd5 Bxd5 22.Ne3 Qe6 
23.Nxd5 Qxd5 24.Qf2 Rc7 25.Rc2 Rd8 26.Rd2 Rcd7 
27.Rfd1 Qc6 28.Qf3 R7d5 29.R2d3 b4 30.Qf2 a5 
31.Qc2 a4 32.Qc4 Rb8 33.Kf2 Kf8 34.Ke3 Rb5 35.Qc2 
Rb7 36.g4 Ke7 37.Qf2 b3 38.axb3 axb3 39.Qb2 Qa4 
40.Rb1 g6 41.Qc3 Rb4 42.Rxb3 Rdxd4 43.Rxd4 Rxd4 
44.Qxd4 Qxb3+ 45.Ke4 Qb7+ 46.Kf4 g5+ 47.Ke3 Qb3+ 
48.Qd3 Qb4 49.Qd6+ Ke8 50.Qd4 Qe1+ 51.Kf3 Qh1+ 
52.Kg3 Qe1+ 53.Kf3 Qh1+ 54.Kg3 Qe1+ {(offering 
draw)}  1/2-1/2

[Event "HCL-E1464"]
[Site "www.playchess.de"]
[Date "2006.01.25"]
[Round "35"]
[White "pkchess"]
[Black "Andy1"]
[WhiteElo "1657"]
[BlackElo "1487"]
[PlyCount "101"]
[Result "1/2-1/2"]

1.e4 {Hello,have a good game.}  d5 2.exd5 Nf6 3.d4 
Nxd5 4.g3 Bf5 5.Bg2 c6 6.Ne2 e6 7.O-O Be7 8.Nbc3 
O-O 9.Re1 Nb4 10.Be4 Bxe4 11.Nxe4 Nd7 12.Nf4 Nf6 
13.c3 Nbd5 14.Qe2 Nxf4 15.Bxf4 Nxe4 16.Qxe4 Bd6 
17.Be5 Bxe5 18.Qxe5 Rc8 19.Re4 Qd5 20.Qf4 Rfd8 
21.Re5 Qd6 22.Rae1 h6 23.Qg4 Qe7 24.f4 Qf6 25.f5 
exf5 26.Rxf5 Qd6 27.Ref1 Rc7 28.Qh5 Qe6 29.Qh4 
Qe3+ 30.Kg2 Re8 31.Qf4 Qxf4 32.R5xf4 Re2+ 33.R1f2 
Rxf2+ 34.Rxf2 Re7 35.Kf3 f6 36.Kf4 Kf7 37.a4 a5 
38.c4 g6 39.Rd2 f5 40.b3 Re4+ 41.Kf3 Ke6 42.d5+ 
cxd5 43.Rxd5 Re5 44.Rd8 Rc5 45.Rg8 Kf7 46.Rb8 Rc7 
47.Kf4 Kf6 48.Rd8 g5+ 49.Ke3 Re7+ 50.Kf3 h5 51.Rd5 
{(offering draw)}  1/2-1/2

[Event "HCL-A2499"]
[Site "www.playchess.de"]
[Date "2006.01.25"]
[Round "7"]
[White "Nobleman"]
[Black "Sonea"]
[WhiteElo "1152"]
[BlackElo "1321"]
[PlyCount "150"]
[Result "0-1"]

1.e4 d6 {Hello from Imardin, Kyralia}  2.d4 Nf6 
3.Nc3 Nbd7 4.Bg5 e5 5.dxe5 dxe5 6.Nf3 Be7 7.Bc4 
O-O 8.O-O c6 9.Qe2 Qc7 10.Rfd1 b5 11.Bb3 a5 12.a3 
Ba6 13.Bxf6 Bxf6 14.Qe1 Rad8 15.Ne2 Bb7 16.Ng3 Nc5 
17.Ba2 Rxd1 18.Rxd1 Rd8 19.Rxd8+ Qxd8 20.Nf5 Bc8 
21.h3 Bxf5 22.exf5 Qd7 23.g4 h6 24.Nxe5 Bxe5 
25.Qxe5 Nb7 26.c3 Kf8 27.Kh2 Qd6 28.Qxd6+ Nxd6 
29.Kg3 Ke7 30.Kf4 f6 31.h4 Nb7 32.Ke3 Nc5 33.f4 
Na4 34.b4 Nxc3 35.Bb3 axb4 36.axb4 Kd6 37.g5 Nd5+ 
38.Bxd5 Kxd5 39.Kd3 c5 40.bxc5 Kxc5 41.Kc3 b4+ 
42.Kb3 Kb5 43.Kb2 Kc4 44.Kc2 Kd4 45.Kb3 Ke4 
46.gxf6 gxf6 47.Kxb4 Kxf5 48.Kc3 Kxf4 49.Kd3 Kg4 
50.Ke3 Kxh4 51.Kf4 h5 52.Kf5 Kg3 53.Kxf6 h4 54.Kg5 
h3 55.Kh5 h2 56.Kg5 h1R 57.Kf5 Rh4 58.Ke5 Kf3 
59.Kf5 Rh5+ 60.Kg6 Kg4 61.Kf6 Rg5 62.Ke6 Rf5 
63.Kd6 Kf4 64.Ke6 Ke4 65.Kd6 Re5 66.Kd7 Kd5 67.Kc7 
Re6 68.Kd7 Ra6 69.Kc7 Rh6 70.Kd7 Rh7+ 71.Ke8 Ke6 
72.Kd8 Rg7 73.Kc8 Kd6 74.Kb8 Kc6 75.Kc8 
Rg8+ 0-1

[Event "HCL-C3968"]
[Site "www.playchess.de"]
[Date "2006.01.25"]
[Round "20"]
[White "cla114"]
[Black "borank"]
[WhiteElo "869"]
[BlackElo "800"]
[PlyCount "33"]
[Result "1-0"]

1.e4 d5 2.Nc3 d4 3.Nd5 e6 4.Nf4 e5 5.Nd5 c6 6.d3 
cxd5 7.exd5 Nf6 8.Bg5 Bb4+ 9.Bd2 Bxd2+ 10.Qxd2 
Qxd5 11.O-O-O Qxa2 12.Qb4 Nc6 13.Qb5 O-O 14.Kd2 e4 
15.f3 e3+ 16.Ke1 Nd5 17.Nh3 1-0

[Event "HCL-B3831"]
[Site "www.playchess.de"]
[Date "2006.01.25"]
[Round "8"]
[White "Tofik"]
[Black "DTW"]
[WhiteElo "1377"]
[BlackElo "1287"]
[PlyCount "83"]
[Result "1-0"]

1.e4 {Hi from Moscow, have a nice game!}  e5 {Hi 
from Ontario, same to you.}  2.f4 exf4 3.Nf3 g5 
4.d4 Bg7 5.c3 g4 6.Bxf4 gxf3 7.Qxf3 d6 8.Bc4 Nf6 
9.O-O Bg4 10.Qg3 Nc6 11.h3 Nxe4 12.Qxg4 Rg8 13.Qf5 
Nf6 14.Bg5 Qd7 15.Qxd7+ Nxd7 16.Bxf7+ Kf8 17.Bxg8+ 
Kxg8 18.Nd2 h6 19.Bh4 Nb6 20.Rf5 Rf8 21.Rxf8+ Kxf8 
22.b3 a6 23.Rf1+ Kg8 24.Ne4 Nd7 25.d5 Na7 26.Nf6+ 
Bxf6 27.Bxf6 Nb5 28.c4 Na3 29.Bd8 c6 30.dxc6 bxc6 
31.Rd1 Ne5 32.Rxd6 Nc2 33.Bf6 Nf7 34.Rxc6 Nb4 
35.Rc8+ Kh7 36.Ra8 Nxa2 37.Rxa6 Nb4 38.Ra7 Kg6 
39.Bc3 Nc6 40.Ra6 Nfd8 41.b4 Kh7 
42.b5 1-0

[Event "HCL-C4072"]
[Site "www.playchess.de"]
[Date "2006.01.25"]
[Round "5"]
[White "cla114"]
[Black "Grunert"]
[WhiteElo "835"]
[BlackElo "959"]
[PlyCount "60"]
[Result "0-1"]

1.e4 e5 2.Nf3 d6 3.Nc3 a6 4.d4 exd4 5.Nxd4 Bd7 
6.Bc4 b5 7.O-O bxc4 8.Bf4 Nf6 9.Qf3 Nc6 10.Rad1 
Nxd4 11.Rxd4 g6 12.Rxc4 Bg7 13.Nd5 Nxd5 14.exd5 
O-O 15.Be3 Bb5 16.Rh4 Bxf1 17.Kxf1 Qxh4 18.c3 Qxh2 
19.Ke2 Qe5 20.c4 Bh6 21.b3 Bxe3 22.fxe3 Qb2+ 
23.Kf1 Qxa2 24.Kg1 Qxb3 25.Qe4 Rae8 26.Qg4 Qxe3+ 
27.Kh2 Re4 28.Qg3 Qxg3+ 29.Kxg3 Rfe8 30.Kh2 
a5 0-1

[Event "HCL-C4007"]
[Site "www.playchess.de"]
[Date "2006.01.25"]
[Round "3"]
[White "cla114"]
[Black "ocluanain"]
[WhiteElo "871"]
[BlackElo "969"]
[PlyCount "78"]
[Result "0-1"]

1.e4 e5 2.Nf3 Nc6 3.Nc3 Nf6 4.Bc4 Qe7 5.d3 g6 
6.O-O Bg7 7.d4 exd4 8.Nxd4 Nxe4 9.Nxe4 Nxd4 10.Bf4 
O-O 11.Bxc7 Qxe4 12.c3 Qc2 13.cxd4 Qxc4 14.Bd6 Re8 
15.Qf3 Qxd4 16.Rad1 Qxb2 17.a3 b6 18.Qxa8 Bd4 
19.Qf3 Ba6 20.Rfe1 Rxe1+ 21.Rxe1 Bb7 22.Re8+ Kg7 
23.Bf8+ Kg8 24.Qe2 Qxe2 25.Rxe2 Kxf8 26.a4 Bc6 
27.Ra2 f5 28.Rd2 Bc5 29.Ra2 d5 30.a5 b5 31.a6 d4 
32.f3 d3+ 33.Kf1 Bb4 34.Ra1 Bc3 35.Rd1 d2 36.Ke2 
f4 37.Kd3 b4 38.Kc4 Ba4 39.Rc1 
dxc1Q 0-1

[Event "HCL-C3981"]
[Site "www.playchess.de"]
[Date "2006.01.25"]
[Round "2"]
[White "Kannsnich"]
[Black "JerryReneau"]
[WhiteElo "1118"]
[BlackElo "1117"]
[PlyCount "101"]
[Result "1-0"]

1.c4 e5 2.Nc3 Nc6 3.Nf3 d6 4.g3 Nf6 5.Bg2 g6 6.O-O 
Bg7 7.d4 O-O 8.d5 Na5 9.b3 c6 10.Bb2 Qd7 11.Qc2 
cxd5 12.cxd5 Qf5 13.e4 Qd7 14.Rac1 b6 15.Qd3 h5 
16.Rfe1 Bb7 17.b4 Nc6 18.dxc6 Bxc6 19.Nd5 Nxd5 
20.exd5 Bb5 21.Qd2 Rfe8 22.a3 a5 23.Bc3 f6 24.bxa5 
bxa5 25.Bb2 a4 26.Bc3 Kh7 27.Qa2 Rac8 28.Bb4 Rxc1 
29.Rxc1 Qe7 30.Nd2 f5 31.Qc2 e4 32.Qc7 Be5 
33.Qxe7+ Rxe7 34.Bf1 Bxf1 35.Nxf1 f4 36.Rc6 g5 
37.Bc3 Bxc3 38.Rxc3 Re5 39.Rc4 Rxd5 40.Rxe4 Ra5 
41.Rd4 d5 42.gxf4 Kg6 43.fxg5 Kxg5 44.Ne3 Kf6 
45.Nxd5+ Ke5 46.Rh4 Rxd5 47.Rxh5+ Kd4 48.Rxd5+ 
Kxd5 49.Kg2 Kc4 50.f4 Kd5 51.Kg3 1-0

[Event "HCL-C4112"]
[Site "www.playchess.de"]
[Date "2006.01.25"]
[Round "6"]
[White "Ulpe"]
[Black "Skipper_Robert"]
[WhiteElo "1571"]
[BlackElo "1001"]
[PlyCount "37"]
[Result "1-0"]

1.e4 e5 2.Nf3 Nc6 3.Bb5 d5 4.exd5 Qxd5 5.Nc3 Qe6 
6.O-O Bd7 7.d4 Bd6 8.d5 Qg4 9.dxc6 bxc6 10.Be2 e4 
11.Ng5 Qf5 12.Ncxe4 Be7 13.Bc4 Nh6 14.Re1 f6 
15.Nd6+ cxd6 16.Qxd6 Ng8 17.Bxg8 Qc5 18.Rxe7+ Kd8 
19.Qxd7+ 1-0

[Event "HCL-A2454"]
[Site "www.playchess.de"]
[Date "2006.01.25"]
[Round "7"]
[White "alldrix"]
[Black "Phil_Ottis"]
[WhiteElo "1647"]
[BlackElo "1381"]
[PlyCount "54"]
[Result "0-1"]

1.e4 {hi from Aracaju, Brazil}  e5 {HELLO FROM 
PARK CITY UTAH}  2.Nc3 c5 3.Bc4 Nf6 4.Nf3 Nc6 5.a3 
a6 6.O-O Bd6 7.Re1 O-O 8.d3 b5 9.Ba2 h6 10.Be3 Nd4 
11.Nd5 Bb7 12.c3 Nxd5 13.exd5 Nf5 14.Bd2 Re8 15.c4 
bxc4 16.dxc4 e4 17.Bb1 exf3 18.Bxf5 Rxe1+ 19.Qxe1 
Qh4 20.g3 Qxc4 21.Bxd7 Qxd5 22.Rd1 Be5 23.Bf4 Bd4 
24.Bg4 h5 25.Bh3 Bc6 26.Bf1 Re8 27.Qd2 
Re2 0-1